|
|
|
|
| LEADER |
01351nam a2200313 a 4500 |
| 001 |
14037171 |
| 008 |
110926s2010 njuab b 001 0 eng |
| 010 |
|
|
|a 2005043669
|
| 020 |
|
|
|a 9788126525218
|
| 020 |
|
|
|a 9780471715375 (cloth)
|
| 020 |
|
|
|a 0471715379 (cloth)
|
| 040 |
|
|
|a DLC
|c DLC
|d DLC
|d BD-DhAAL
|
| 042 |
|
|
|a pcc
|
| 082 |
0 |
0 |
|a 658.4/04
|2 22
|
| 999 |
|
|
|c 11262
|d 11262
|
| 999 |
|
|
|c 11262
|
| 100 |
1 |
|
|a Meredith, Jack R.
|9 1718
|
| 245 |
1 |
0 |
|a Project management :
|b a managerial approach /
|c Jack R. Meredith, Samuel J. Mantel.
|
| 250 |
|
|
|a 7th ed.
|
| 260 |
|
|
|a Hoboken, NJ ;
|a New Delhi :
|b John Wiley India,
|c c2010.[Reprinted 2011]
|
| 300 |
|
|
|a xv, 587 p. :
|b ill., maps ;
|c 25 cm.
|
| 504 |
|
|
|a Includes bibliographical references and indexes.
|
| 541 |
|
|
|e 00023467
|
| 650 |
|
0 |
|a Project management.
|9 1719
|
| 700 |
1 |
|
|a Mantel, Samuel J.
|9 1720
|
| 852 |
1 |
|
|a Ayesha Abed Library
|c General shelf.
|
| 942 |
|
|
|2 ddc
|c BK
|0 1
|
| 952 |
|
|
|0 0
|1 0
|2 ddc
|4 0
|6 658_404000000000000_MER
|7 0
|9 18212
|a BRACUL
|b BRACUL
|c GEN
|d 2011-09-24
|e Paragon Enterprises Ltd.
|g 848.00
|l 3
|m 26
|o 658.404 MER
|p 3010023467
|r 2017-04-17
|s 2017-04-11
|t 1
|w 2011-09-27
|y BK
|
| 952 |
|
|
|0 0
|1 0
|2 ddc
|4 0
|6 658_400000000000000_04_MER
|7 0
|9 19206
|a BRACUL
|b BRACUL
|c GEN
|d 2012-01-18
|e Paragon Enterprises Ltd.
|g 848.00
|l 7
|m 27
|o 658.404 MER
|p 3010024297
|q 2030-01-31
|r 2026-01-28
|s 2026-01-28
|t 2
|w 2012-01-18
|y BK
|